书目信息 |
| 题名: |
大学生村官工作实务
|
|
| 作者: | 姚志文 , 邹晓东 主编 | |
| 分册: | ||
| 出版信息: | 杭州 浙江大学出版社 2010.05 |
|
| 页数: | 10, 328页 | |
| 开本: | 24cm | |
| 丛书名: | ||
| 单 册: | ||
| 中图分类: | F325.4 | |
| 科图分类: | ||
| 主题词: | 农村--nong cun--干部--工作--中国 | |
| 电子资源: | ||
| ISBN: | 978-7-308-07571-8 | |
| 000 | 00932nam0 2200253 450 | |
| 001 | 012010785578 | |
| 005 | 20101118163738.67 | |
| 010 | @a978-7-308-07571-8@dCNY30.00 | |
| 100 | @a20101118d2010 em y0chiy0120 ea | |
| 101 | 0 | @achi |
| 102 | @aCN@b330000 | |
| 105 | @aak a 000yy | |
| 106 | @ar | |
| 200 | 1 | @a大学生村官工作实务@Ada xue sheng cun guan gong zuo shi wu@f姚志文, 邹晓东主编@Fzhu bian yao zhi wen,zou xiao dong |
| 210 | @a杭州@c浙江大学出版社@d2010.05 | |
| 215 | @a10, 328页@c图@d24cm | |
| 320 | @a有书目 | |
| 330 | @a本书为浙江省省委宣传部为全国大学生村官组织编写的培训手册。作者为浙大相关领域的教授。全书分四篇:农村政策法规与管理;农村经济发展与经营管理;农业产业发展;乡村文化风俗。 | |
| 606 | 0 | @a农村@Anong cun@x干部@x工作@y中国 |
| 690 | @aF325.4@v4 | |
| 701 | 0 | @a姚志文@Ayao zhi wen@4主编 |
| 701 | 0 | @a邹晓东@Azou xiao dong@4主编 |
| 801 | 0 | @aCN@bQSSK@c20101118 |
| 905 | @b788728-30@dF325.4@eY378@f3 | |
| 大学生村官工作实务/姚志文, 邹晓东主编.-杭州:浙江大学出版社,2010.05 |
| 10, 328页:图;24cm |
| ISBN 978-7-308-07571-8:CNY30.00 |
| 本书为浙江省省委宣传部为全国大学生村官组织编写的培训手册。作者为浙大相关领域的教授。全书分四篇:农村政策法规与管理;农村经济发展与经营管理;农业产业发展;乡村文化风俗。 |
| ● |
| 相关链接 |
|
|
|
正题名:大学生村官工作实务
索取号:F325.4/Y378
 
预约/预借
| 序号 | 登录号 | 条形码 | 馆藏地/架位号 | 状态 | 备注 |
| 1 | 788728 | 207887287 | 社科二线422/409社科库 33排4列2层/ [索取号:F325.4/Y378] | 在馆 | |
| 2 | 788729 | 207887296 | 社科二线422/409社科库 33排4列2层/ [索取号:F325.4/Y378] | 在馆 | |
| 3 | 788730 | 207887303 | 社科库409/409社科库 33排4列2层/ [索取号:F325.4/Y378] | 在馆 |